000
00305nam a22001217a 4500
008
160518b xxu||||| |||| 00| 0 eng d
020
_a
9780781773904
020
_a
0781773903
041
_a
eng
080
_a
61
245
_a
The essential guide to primary care procedures:
_c
E.J. Mayeaux;
942
_2
udc
_c
BK
999
_c
2165
_d
2165